<?xml version="1.0" encoding="UTF-8"?>
<record
    xmlns:xsi="http://www.w3.org/2001/XMLSchema-instance"
    xsi:schemaLocation="http://www.loc.gov/MARC21/slim http://www.loc.gov/standards/marcxml/schema/MARC21slim.xsd"
    xmlns="http://www.loc.gov/MARC21/slim">

  <leader>00668cam a22001571  4500</leader>
  <datafield tag="082" ind1="0" ind2="0">
    <subfield code="a">950.2</subfield>
    <subfield code="b">HAR</subfield>
    <subfield code="c">L-30-I, P-17</subfield>
  </datafield>
  <datafield tag="100" ind1="1" ind2=" ">
    <subfield code="a">Hart, b.h Liddell </subfield>
    <subfield code="9">46426</subfield>
  </datafield>
  <datafield tag="245" ind1="1" ind2="0">
    <subfield code="a">Great captains unveiled</subfield>
    <subfield code="c">B.H. Liddell Hart.</subfield>
  </datafield>
  <datafield tag="260" ind1=" " ind2=" ">
    <subfield code="a">Freeport, N.Y.,</subfield>
    <subfield code="b">Books for Libraries Press</subfield>
    <subfield code="c">[1967]</subfield>
  </datafield>
  <datafield tag="300" ind1=" " ind2=" ">
    <subfield code="a">274 p.</subfield>
    <subfield code="b">maps.</subfield>
    <subfield code="c">22 cm.</subfield>
  </datafield>
  <datafield tag="500" ind1=" " ind2=" ">
    <subfield code="a">Reprint of the 1928 ed.</subfield>
  </datafield>
  <datafield tag="505" ind1="0" ind2=" ">
    <subfield code="a">Jenghiz Khan and Sabutai.--Marechal de Saxe, military prophet.--Gustavus Adolphus, founder of modern war.--Wallenstein, the enigma of modern history.--General Wolfe, grandsire of the United States, 1727-1759.</subfield>
  </datafield>
  <datafield tag="526" ind1=" " ind2=" ">
    <subfield code="a">0</subfield>
    <subfield code="b">0</subfield>
    <subfield code="c">0</subfield>
    <subfield code="d">950_200000000000000_HAR</subfield>
  </datafield>
  <datafield tag="650" ind1=" " ind2=" ">
    <subfield code="a">MCE</subfield>
    <subfield code="9">379</subfield>
  </datafield>
  <datafield tag="942" ind1=" " ind2=" ">
    <subfield code="2">ddc</subfield>
    <subfield code="c">BK</subfield>
  </datafield>
  <datafield tag="999" ind1=" " ind2=" ">
    <subfield code="c">549765</subfield>
    <subfield code="d">549765</subfield>
  </datafield>
  <datafield tag="952" ind1=" " ind2=" ">
    <subfield code="0">0</subfield>
    <subfield code="1">0</subfield>
    <subfield code="2">ddc</subfield>
    <subfield code="4">0</subfield>
    <subfield code="7">0</subfield>
    <subfield code="a">MCE</subfield>
    <subfield code="b">MCE</subfield>
    <subfield code="d">2014-10-14</subfield>
    <subfield code="l">0</subfield>
    <subfield code="o">950.2 HAR</subfield>
    <subfield code="p">MCE-5433</subfield>
    <subfield code="r">2014-10-14</subfield>
    <subfield code="w">2014-10-14</subfield>
    <subfield code="y">BK</subfield>
  </datafield>
</record>
